Datum a čas kvízu
47.5
Celkem bodů
Celkový počet nahraných bodů na tomto kvízu bez doplňovacích otázek.
1.
Pořadí na kvízu
Konečné umístění týmu na tomto kvízu.
Zaznamenané odpovědi
| # | Otázka | Odpověď | Body | Výsledky |
|---|---|---|---|---|
| 1. | Od minulého čtvrtka až do 23.... | Kosmova kronika | 1 | |
| 2. | Donald Trump a technika se na... | eskalátor | 1 | |
| 3. | Minulý týden proběhl v Brně me... | Straka | 1 | |
| 4. | Na jedné technické univerzitě... | Ostrava | 1 | |
| 5. | Jak se jmenuje nový držitel pr... | Ousmane Dembélé | 1 | |
| 6. | Gesto, které vidíme na obrázku... | 1D 2A 3C 4B | 1 | |
| 7. | Gesto na obrázku znamená v mno... | o stoletou válku | 1 | |
| 8. | Sheldon Cooper v Teorii velkéh... | papír a tapír (ještěr) | 0.5 | |
| 9. | Která dvě písmena české dvouru... | CH, R | 1 | |
| 10. | Na výřezu z obrazu francouzské... | paroháč (že je mu žena nevěrná) | 1 |